000 01026nam a2200205 i 4500
001 6479
003 KOSZ 005
005 20180414113651.0
008 151118s2012 pl a f f |000 0 pol
040 _cBPK
_dKOSZ 005/HR
080 _a621.3
100 1 _aSMYCZEK, Jerzy.
_d1996 - 2014.
_bPolitechnika Koszalińska - Wydział Mechaniczny,
_cKatedra Zastosowań Elektroniki i Elektrotechniki
245 1 0 _aPodstawy elektrotechniki i elektroniki dla nieelektryków :
_blaboratorium.
_nT. 2 /
_cpraca zbiorowa pod red. Jerzego Smyczka.
260 _aKoszalin :
_bWydaw. Uczelniane Politechniki Koszalińskiej,
_c2012.
500 _aDane z autopsji.
520 _aSkrypt przeznaczony jest dla studentów wydziałów nieelektrycznych wyższych szkół technicznych. Zawiera materiał z zakresu układów elektronicznych oraz niektórych zastosowań elektroniki i elektrotechniki przydatnych na poszczególnych kierunkach i specjalnościach.
650 0 _aElektrotechnika.
650 0 _aElektronika.
942 _cKS
_2UKD
999 _c6479
_d6479